Jack Ryan Novels Quiz Stats

 Plays Quiz Updated Jul 3, 2014

Support Sporcle.
Go Orange.
Score 0/10 Timer 04:00
0 Plays Today
Year Title % Correct
1984The Hunt For Red October
96.1%
1987Patriot Games
82.7%
1989Clear and Present Danger
81.3%
1991The Sum of All Fears
69.2%
1988The Cardinal of the Kremlin
37.4%
2000The Bear and the Dragon
31%
1996Executive Orders
30.3%
1994Debt of Honor
25.8%
2002Red Rabbit
25.4%
1993Without Remorse
23.4%

You're not logged in!

Compare scores with friends on all Sporcle quizzes.
OR
Log In

From the Vault

NFL 1000+ Yd Receivers in the 2010s

by cubFan90

1,000 yards?!? That's like 10 football fields!
Remove Ads.
Support Sporcle.
Get the best of Sporcle when you Go Orange. This ad-free experience offers more features, more stats, and more fun while also helping to support Sporcle. Thank you for becoming a member.

Show Comments

Extras

Top Quizzes Today


Score Distribution

Your Account Isn't Verified!

In order to create a playlist on Sporcle, you need to verify the email address you used during registration. Go to your Sporcle Settings to finish the process.

Report this User

Report this user for behavior that violates our Community Guidelines.

Details: